00971nam a2200253Ia 4500003000900000008004100009020001800050040001600068080001500084100003000099245012800129260003900257300001000296490004100306650003800347650003300385650004500418650004100463700002800504700002800532942000700560999001700567952013300584IN-BaIIA211028s9999 xx 000 0 eng d a0-7503-0883-4 cIIA Library a52-17bBOD aBodenheimer, Peter930646 0aNumerical methods in astrophysicsban introductioncPeter Bodenheimer…[et al.]  aNew YorkbTaylor and Francisc2007 a329p. aSeries in astronomy and astrophysics aAstrophysics - mathematics930647 aDifferential equations91510 aHydrodynamics, Radiative transfer930648 aPartial - numerical solutions930649 aRozyczka, Michal930650 aYorke, Horold W.930651 cBK c16516d16516 00104070aBANbBANcGENd2007-06-29eEDS g3203.60l0o52-17/ BODp17438r2021-11-05v3203.60w2007-06-29yBKGRs. 3203.60